000 00477nam a2200169 4500
003 SEACOMEC
005 20240417122103.0
008 231007b |||||||| |||| 00| 0 eng d
040 _aSEACOMEC
082 _a004
_bF741
100 1 _aFortier, Paul J.
245 1 _aComputer systems performance evaluation and prediction
_cPaul J. Fortier and Howard E. Michel
260 _aNew Delhi
_bElsevier
_c2005
650 _aComputer science
700 1 _aMichel, Howard E.
942 _cBOOK
999 _c183
_d183